| 000 -LEADER |
| fixed length control field |
01157 a2200277 4500 |
| 003 - CONTROL NUMBER IDENTIFIER |
| control field |
Nust |
| 005 - DATE AND TIME OF LATEST TRANSACTION |
| control field |
20220815154511.0 |
| 010 ## - LIBRARY OF CONGRESS CONTROL NUMBER |
| LC control number |
2008010335 |
| 020 ## - INTERNATIONAL STANDARD BOOK NUMBER |
| International Standard Book Number |
(hardcover : alk. paper) |
| 020 ## - INTERNATIONAL STANDARD BOOK NUMBER |
| International Standard Book Number |
8178085941 (hardcover : alk. paper) |
| 035 ## - SYSTEM CONTROL NUMBER |
| System control number |
(OCoLC)213375806 |
| 040 ## - CATALOGING SOURCE |
| Transcribing agency |
Nust |
| 082 00 - DEWEY DECIMAL CLASSIFICATION NUMBER |
| Classification number |
005.133,JUR |
| 100 1# - MAIN ENTRY--PERSONAL NAME |
| Personal name |
Jurafsky, Dan, |
| 9 (RLIN) |
97241 |
| 245 10 - TITLE STATEMENT |
| Title |
Speech and language processing : |
| Remainder of title |
an introduction to natural language processing, computational linguistics, and speech recognition / |
| Statement of responsibility, etc. |
Daniel Jurafsky, James H. Martin. |
| 250 ## - EDITION STATEMENT |
| Edition statement |
low price ed. |
| 260 ## - PUBLICATION, DISTRIBUTION, ETC. |
| Place of publication, distribution, etc. |
Upper Saddle River, N.J. : |
| Name of publisher, distributor, etc. |
Pearson Prentice Hall, |
| Date of publication, distribution, etc. |
c2000 |
| 300 ## - PHYSICAL DESCRIPTION |
| Extent |
xxxi, 934 p. : |
| Other physical details |
ill. ; |
| Dimensions |
25 cm. |
| 440 #0 - SERIES STATEMENT/ADDED ENTRY--TITLE |
| Title |
Prentice Hall series in artificial intelligence |
| 9 (RLIN) |
97242 |
| 505 ## - FORMATTED CONTENTS NOTE |
| Formatted contents note |
Introduction (Page-1), Words (Page-19), Syntax (Page-285), Semantics (Page-499), Pragmatics (Page-667). |
| 650 #0 - SUBJECT ADDED ENTRY--TOPICAL TERM |
| Topical term or geographic name entry element |
Automatic speech recognition. |
| 9 (RLIN) |
97243 |
| 650 #0 - SUBJECT ADDED ENTRY--TOPICAL TERM |
| Topical term or geographic name entry element |
Computational linguistics. |
| 9 (RLIN) |
10826 |
| 700 1# - ADDED ENTRY--PERSONAL NAME |
| Personal name |
Martin, James H., |
| Dates associated with a name |
1959- |
| 9 (RLIN) |
97244 |
| 856 41 - ELECTRONIC LOCATION AND ACCESS |
| Materials specified |
Table of contents only |
| Uniform Resource Identifier |
<a href="http://www.loc.gov/catdir/toc/ecip0812/2008010335.html">http://www.loc.gov/catdir/toc/ecip0812/2008010335.html</a> |
| 942 ## - ADDED ENTRY ELEMENTS (KOHA) |
| Source of classification or shelving scheme |
|
| Koha item type |
Book |
| Call number prefix |
005.133,JUR |